Most Practiced Religion in North America - Statistics

General Stats
  • This quiz has been taken 57 times
  • The average score is 4 of 5
Answer Stats
Religion % Correct
Christianity/Roman Catholic/Protestant
100%
Islam
98%
Judaism
92%
Hinduism
80%
Irreligion
18%
No matching quizzes found
Score Distribution
Percent of People with Each Score
Percentile by Number Answered
Your Score History
You have not taken this quiz